Countries with the most kilometers of ski slopes - Statistics

General Stats
  • This quiz has been taken 13 times
  • The average score is 9 of 10
Answer Stats
Kilometers Country % Correct
2,500 Germany
100%
5,000 Italy
100%
1,500 Sweden
100%
7,000 Switzerland
100%
6,000 Austria
92%
10,000 France
92%
1,200 Norway
92%
2,000 Japan
85%
3,500 Canada
77%
4,000 United States
77%
No matching quizzes found
Score Distribution
Percent of People with Each Score
Percentile by Number Answered
Your Score History
You have not taken this quiz